Vegyesek

Elmentve itt :
Bibliográfiai részletek
Szerző: Péterfy Sándor
Dokumentumtípus: Cikk
Megjelent: 1895
Sorozat:Magyar pedagógia : a Magyar Tudományos Akadémia Pedagógiai Bizottságának folyóirata 4
Kulcsszavak:Oktatásügy Magyarország 1894
Online Access:http://misc.bibl.u-szeged.hu/7064
LEADER 00630nab a2200181 i 4500
001 misc7064
005 20191106144304.0
008 170607s1895 hu o 0|| hun d
022 |a 0025-0260 
040 |a SZTE Miscellanea Repozitórium  |b hun 
041 |a hun 
100 1 |a Péterfy Sándor 
245 1 0 |a Vegyesek  |h [elektronikus dokumentum] /  |c  Péterfy Sándor 
260 |c 1895 
300 |a 219-223 
490 0 |a Magyar pedagógia : a Magyar Tudományos Akadémia Pedagógiai Bizottságának folyóirata  |v 4 
695 |a Oktatásügy Magyarország 1894 
856 4 0 |u http://misc.bibl.u-szeged.hu/7064/1/mp_1895_219-223.pdf  |z Dokumentum-elérés